[Event "HUN-chT2 Toth 1819"]
[Site "Hungary"]
[Date "2018.11.18"]
[Round "4.12"]
[White "Horvath, Dominik1111"]
[Black "Kovacs, Lilla"]
[Result "0-1"]
[WhiteElo "1249"]
[BlackElo "1579"]
[PlyCount "84"]
[EventDate "2018.09.23"]
[EventType "team-tourn"]
[EventRounds "11"]
[EventCountry "HUN"]
[SourceTitle "EXT 2021"]
[Source "ChessBase"]
[SourceDate "2020.10.23"]
[SourceVersion "1"]
[SourceVersionDate "2020.10.23"]
[SourceQuality "1"]
[WhiteTeam "Oroshaza"]
[BlackTeam "Ujszasz"]
[WhiteTeamCountry "HUN"]
[BlackTeamCountry "HUN"]

1. e4 c6 2. Nc3 d5 3. Qe2 dxe4 4. Nxe4 Bf5 5. d3 e6 6. g4 Bxe4 7. dxe4 Qb6 8. Qe3 Bc5 9. Qe2 Nf6 10. Bg2 h6 11. h4 Nbd7 12. Nh3 0-0-0 13. b3 Bb4+ 14. Bd2 Bxd2+ 15. Qxd2 Nxg4 16. 0-0-0 Ngf6 17. Qf4 Qa5 18. Kb1 Qb4 19. Rd3 Nc5 20. Rxd8+ Rxd8 21. e5 Qxf4 22. Nxf4 Ng4 23. f3 Nxe5 24. Nh5 Rd2 25. Rg1 g6 26. f4 gxh5 27. fxe5 Re2 28. Bf3 Rxe5 29. Rg7 Rf5 30. Be2 Ne4 31. Kc1 Nc3 32. Bd3 Rf4 33. Kb2 Nd5 34. Be2 f6 35. Rg6 Rxh4 36. Rxh6 Rh2 37. Rxh5 Rxh5 38. Bxh5 Kd7 39. c4 Nf4 40. Bg4 f5 41. Bf3 Kd6 42. Kc3 e5 0-1

[Event "HUN-chT2 Toth 1718"]
[Site "Hungary"]
[Date "2018.05.06"]
[Round "11.12"]
[White "Tornyai, Jeno"]
[Black "Kovacs, Lilla"]
[Result "1-0"]
[WhiteElo "1779"]
[BlackElo "1660"]
[PlyCount "49"]
[EventDate "2017.09.24"]
[EventType "team-tourn"]
[EventRounds "11"]
[EventCountry "HUN"]
[SourceTitle "EXT 2021"]
[Source "ChessBase"]
[SourceDate "2020.10.23"]
[SourceVersion "1"]
[SourceVersionDate "2020.10.23"]
[SourceQuality "1"]
[WhiteTeam "Szeged Maroczy II"]
[BlackTeam "Ujszasz"]
[WhiteTeamCountry "HUN"]
[BlackTeamCountry "HUN"]

1. d4 d5 2. Nc3 c6 3. e4 dxe4 4. Nxe4 Bf5 5. Ng3 Bg6 6. h4 h6 7. h5 Bh7 8. Nf3 Nd7 9. Bd3 Bxd3 10. Qxd3 e6 11. Bd2 Ngf6 12. 0-0-0 Qc7 13. c4 Bd6 14. Ne2 0-0-0 15. c5 Bxc5 16. dxc5 Nxc5 17. Qa3 Nd3+ 18. Kb1 Ne4 19. Qxa7 Nxd2+ 20. Rxd2 b6 21. Qa8+ Qb8 22. Qxc6+ Qc7 23. Qa8+ Qb8 24. Qxb8+ Kxb8 25. Rhd1 1-0

[Event "HUN-chT2 Toth 1718"]
[Site "Hungary"]
[Date "2018.02.18"]
[Round "8.12"]
[White "Kovacs, Lilla"]
[Black "Hideg, Istvan Benjamin"]
[Result "1-0"]
[WhiteElo "1660"]
[BlackElo "1116"]
[PlyCount "119"]
[EventDate "2017.09.24"]
[EventType "team-tourn"]
[EventRounds "11"]
[EventCountry "HUN"]
[SourceTitle "EXT 2021"]
[Source "ChessBase"]
[SourceDate "2020.10.23"]
[SourceVersion "1"]
[SourceVersionDate "2020.10.23"]
[SourceQuality "1"]
[WhiteTeam "Ujszasz"]
[BlackTeam "Felegyhaza Csongrad"]
[WhiteTeamCountry "HUN"]
[BlackTeamCountry "HUN"]

1. d4 Nf6 2. c4 d6 3. Nc3 g6 4. Bg5 Bg7 5. e3 b6 6. Nf3 Bb7 7. Be2 Nbd7 8. 0-0 0-0 9. Rc1 c5 10. d5 Re8 11. Qd2 Qc7 12. Rfd1 e6 13. Nb5 Qb8 14. dxe6 Rxe6 15. Nxd6 Bc6 16. Bxf6 Nxf6 17. Ng5 Re7 18. Nb5 Rd7 19. Qc2 Qb7 20. Rxd7 Qxd7 21. Rd1 Qb7 22. Bf3 Bxf3 23. Nxf3 a6 24. Nc3 Qc7 25. Qd3 Ng4 26. h3 Ne5 27. Nxe5 Bxe5 28. Nd5 Qd6 29. b3 a5 30. Qe4 Rd8 31. f4 Bf6 32. Nxf6+ Qxf6 33. Rxd8+ Qxd8 34. Qd5 Qc7 35. Kf2 Qe7 36. g3 Qf6 37. Qd2 Qe6 38. Qd8+ Kg7 39. g4 h5 40. gxh5 Qxh3 41. hxg6 Qh2+ 42. Ke1 Qg1+ 43. Kd2 Qf2+ 44. Kd1 Qf3+ 45. Kc2 Qxe3 46. gxf7 Kxf7 47. Qd5+ Ke7 48. Qb7+ Ke8 49. Qc8+ Ke7 50. Qc7+ Ke8 51. Qe5+ Qxe5 52. fxe5 Ke7 53. Kd3 Kf7 54. Ke3 Ke7 55. Kf4 Kf8 56. Kf5 Kf7 57. e6+ Ke7 58. Ke5 a4 59. bxa4 b5 60. axb5 1-0

[Event "HUN-chT2 Toth 1617"]
[Site "Hungary"]
[Date "2017.02.12"]
[Round "8.12"]
[White "Kovacs, Lilla"]
[Black "Palinkas, Botond Gergely"]
[Result "1-0"]
[WhiteElo "1559"]
[BlackElo "1381"]
[PlyCount "71"]
[EventDate "2016.09.25"]
[EventType "team-tourn"]
[EventRounds "11"]
[EventCountry "HUN"]
[SourceTitle "EXT 2021"]
[Source "ChessBase"]
[SourceDate "2020.10.23"]
[SourceVersion "1"]
[SourceVersionDate "2020.10.23"]
[SourceQuality "1"]
[WhiteTeam "Ujszasz"]
[BlackTeam "Szentes Integral"]
[WhiteTeamCountry "HUN"]
[BlackTeamCountry "HUN"]

1. d4 Nf6 2. c4 e6 3. Nc3 d5 4. Bg5 Nbd7 5. e3 Bb4 6. Bxf6 Nxf6 7. Qa4+ c6 8. Qxb4 dxc4 9. Qxc4 0-0 10. Nf3 Qb6 11. b3 Nd5 12. Nxd5 exd5 13. Qc2 Bg4 14. Ne5 Be6 15. Bd3 h6 16. 0-0 Rac8 17. Rac1 Rc7 18. Qc5 Qxc5 19. Rxc5 Rfc8 20. Rfc1 f6 21. Ng6 b6 22. Rxc6 Rxc6 23. Rxc6 Rxc6 24. Ne7+ Kf7 25. Nxc6 a5 26. Nd8+ Ke7 27. Nxe6 Kxe6 28. f3 g5 29. e4 Kd6 30. Kf2 Kc6 31. Ke3 b5 32. exd5+ Kxd5 33. Bxb5 f5 34. Bc4+ Kd6 35. g3 h5 36. h4 1-0

[Event "HUN-ch U14 Girls"]
[Site "Balatonlelle"]
[Date "2016.06.29"]
[Round "8"]
[White "Kovacs, Lilla"]
[Black "Dan, Anna"]
[Result "1-0"]
[WhiteElo "1647"]
[BlackElo "1392"]
[PlyCount "120"]
[EventDate "2016.06.24"]
[EventType "tourn"]
[EventRounds "9"]
[EventCountry "HUN"]
[SourceTitle "CBM 173 Extra"]
[Source "ChessBase"]
[SourceDate "2016.08.29"]
[SourceVersion "1"]
[SourceVersionDate "2016.08.29"]
[SourceQuality "1"]

1. d4 d5 2. c4 c6 3. Nc3 dxc4 4. a4 e5 5. Nf3 exd4 6. Qxd4 Qxd4 7. Nxd4 Bc5 8. Nf3 h6 9. e3 Be6 10. Ne5 Nd7 11. Nxc4 Ngf6 12. Be2 0-0 13. 0-0 Rfd8 14. Nd2 Bb4 15. Nde4 Nxe4 16. Nxe4 Nc5 17. Nc3 Nb3 18. Rb1 Nd2 19. Bxd2 Rxd2 20. Bf3 Bc4 21. Rfd1 Rad8 22. Ne4 Rxd1+ 23. Rxd1 Rxd1+ 24. Bxd1 Bd5 25. Bc2 Kf8 26. f3 Ke7 27. Kf2 g6 28. Ng3 b5 29. e4 Bc5+ 30. Kf1 Bc4+ 31. Ne2 Bd6 32. h3 b4 33. b3 Bxe2+ 34. Kxe2 a5 35. Kf2 Ke6 36. Bd3 g5 37. Bc4+ Ke7 38. g3 Bc5+ 39. Kg2 Bd6 40. h4 Kf6 41. hxg5+ hxg5 42. Kh3 Kg6 43. Kg4 f6 44. f4 Bc7 45. Bd3 Kf7 46. Kf5 Ke7 47. fxg5 Be5 48. gxf6+ Bxf6 49. e5 Bg7 50. Bc4 Bh8 51. g4 Bg7 52. e6 Bh8 53. g5 c5 54. Kg6 Kf8 55. Kh7 Be5 56. g6 Bf6 57. g7+ Bxg7 58. e7+ Ke8 59. Kxg7 Kxe7 60. Kg6 Kd6 1-0

[Event "HUN-ch U14 Girls"]
[Site "Balatonlelle"]
[Date "2016.06.28"]
[Round "7"]
[White "Gombocz, Zsofia"]
[Black "Kovacs, Lilla"]
[Result "1-0"]
[WhiteElo "1806"]
[BlackElo "1647"]
[PlyCount "59"]
[EventDate "2016.06.24"]
[EventType "tourn"]
[EventRounds "9"]
[EventCountry "HUN"]
[SourceTitle "CBM 173 Extra"]
[Source "ChessBase"]
[SourceDate "2016.08.29"]
[SourceVersion "1"]
[SourceVersionDate "2016.08.29"]
[SourceQuality "1"]

1. e4 c6 2. d4 d5 3. exd5 cxd5 4. Bd3 Nf6 5. c3 e6 6. Nf3 Bd6 7. 0-0 0-0 8. Qc2 Nbd7 9. Re1 Qc7 10. Nbd2 h6 11. h3 Nb6 12. Ne5 Bd7 13. Nxd7 Qxd7 14. Nf3 Rac8 15. Ne5 Qc7 16. Bf4 Nc4 17. Qc1 Bxe5 18. dxe5 Nd7 19. Bxc4 dxc4 20. Re4 Rfd8 21. Qe3 Qc5 22. Qg3 h5 23. Bh6 g6 24. Bg5 Re8 25. Rd1 Qc6 26. Qf4 Nf8 27. Bf6 Kh7 28. Red4 b5 29. Qg5 Rc7 30. Rh4 1-0

[Event "HUN-chT2 Toth 1516"]
[Site "Hungary"]
[Date "2016.02.28"]
[Round "8.12"]
[White "Kovacs, Lilla"]
[Black "B Nagy, Roland"]
[Result "1-0"]
[WhiteElo "1631"]
[BlackElo "1599"]
[PlyCount "187"]
[EventDate "2015.09.13"]
[EventType "team-tourn"]
[EventRounds "11"]
[EventCountry "HUN"]
[SourceTitle "EXT 2017"]
[Source "ChessBase"]
[SourceDate "2016.10.25"]
[SourceVersion "1"]
[SourceVersionDate "2016.10.25"]
[SourceQuality "1"]
[WhiteTeam "Ujszasz"]
[BlackTeam "Takisz"]
[WhiteTeamCountry "HUN"]
[BlackTeamCountry "HUN"]

1. d4 Nf6 2. c4 e6 3. Nc3 d5 4. Bg5 Be7 5. e3 Nbd7 6. Nf3 dxc4 7. Bxc4 h6 8. Bh4 b6 9. Be2 Bb7 10. Rc1 a6 11. 0-0 c5 12. dxc5 Nxc5 13. Bg3 Nce4 14. Nxe4 Nxe4 15. Qxd8+ Bxd8 16. Bc7 0-0 17. Bxd8 Rfxd8 18. Rc7 Bd5 19. a3 a5 20. Ne5 Nd6 21. Nc6 Bxc6 22. Rxc6 Nc8 23. Rd1 Rxd1+ 24. Bxd1 Rb8 25. Bf3 Ne7 26. Rc7 Nd5 27. Bxd5 exd5 28. g3 Kf8 29. Rd7 d4 30. Rxd4 Ke7 31. Kf1 Rc8 32. Ke2 Rc2+ 33. Rd2 Rc5 34. Kf3 Rh5 35. h4 Rc5 36. Ke2 g6 37. Kd1 Ke6 38. Rc2 Rd5+ 39. Ke2 Rd8 40. b4 axb4 41. axb4 b5 42. Rc5 Rb8 43. Kf3 f5 44. Kf4 Kf6 45. g4 fxg4 46. Kxg4 Ke6 47. f4 Kf6 48. e4 h5+ 49. Kf3 Ke6 50. f5+ Kf6 51. Kf4 gxf5 52. Rxf5+ Kg6 53. Rg5+ Kh6 54. Rd5 Rb6 55. Rg5 Rf6+ 56. Kg3 Re6 57. Kf4 Rf6+ 58. Rf5 Rg6 59. Ke5 Rg4 60. Rf4 Rg7 61. Kd6 Rb7 62. Kc6 Rb8 63. e5 Kg6 64. Rf6+ Kg7 65. Rd6 Kf7 66. e6+ Ke7 67. Kd5 Rg8 68. Rd7+ Ke8 69. Rh7 Rg4 70. Kd6 Rd4+ 71. Kc5 Rxh4 72. Kxb5 Re4 73. Rxh5 Rxe6 74. Rc5 Kd7 75. Rc1 Rh6 76. Ka5 Rc6 77. Rxc6 Kxc6 78. Ka6 Kc7 79. b5 Kb8 80. Kb6 Kc8 81. Ka7 Kd7 82. b6 Kd6 83. b7 Kc5 84. b8Q Kd4 85. Qb5 Ke4 86. Qc5 Kf3 87. Qd5+ Ke3 88. Qc4 Kf2 89. Qd3 Kg2 90. Qe3 Kh2 91. Qg5 Kh1 92. Kb6 Kh2 93. Kc5 Kh3 94. Kd4 1-0